=LDR 00000nam 2200000 4500 =001 INLIS000000000054326 =990 ##$$a 61901141 =990 ##$$a 61901140 =005 20200122081600 =990 ##$$a 61901140 =990 ##$$a 61901141 =035 ##$$a 0010-0120000104 =007 ta =008 200122###########################0#ind## =020 ##$$a 978-602-7735-18-7 =082 ##$$a 028.5 =084 ##$$a 028.5-Aru z =100 #$$a Arumi =245 1#$$a Zara sang detektif cilik /$c Arumi =260 ##$$a Jakarta :$b Zettu,$c 2012 =300 ##$$a 140 hlm : $b ilus. ; $c 21 Cm. =700 #$$a Editor : Nova Novieta =600 #4$$a Bacaan kanak-kanak =990 ##$$a 04550455 =990 ##$$a 04550455 =990 ##$$a 61901140 =990 ##$$a 6202000455 =990 ##$$a 61901141 =990 ##$$a 61901140 =990 ##$$a 61901140 =990 ##$$a 61901141